000 01486namaa22003251i 4500
005 20260505132519.0
008 260416s1995 ua a|||frm||| 000 0 eng d
040 _aEG-GICUC
_beng
_cEG-GICUC
_dEG-GICUC
_erda
041 0 _aeng
_beng
_bara
049 _aDeposit
097 _aPh.D
099 _aCai01.09.06.Ph.D.1995.Fa.C.
100 0 _aFatma Abdou Abd Elsayed,
_epreparation.
245 1 0 _aCluster Analysis of Lateral Skull Cephalometric Radiographs For A Group Of Egyptian School Children /
_b
_cBy Fatma Abdou Abd Elsayed ; Supervisors Dr. Ahmed Abd El-Salam Eid, Dr. Hisham Ahmed Afifi, Dr. Sanna Abou Zeid Soliman
246 1 5 _aتحليل عنقودي لاشعة الراس الجانبية لمجموعة من اطفال المدارس المصريين
264 0 _c1995.
300 _a91 Leaves :
_billustrations
_c30 cm. +
336 _2rda content
_atext
337 _2rdamedia
_aUnmediated
338 _2rdacarrier
_avolume
502 _aThesis (Ph.D)-Cairo University, 1995
504 _aBibliography: pages 83-88
653 0 _aLateral Skull Cephalometric Radiographs
700 0 _aAhmed Abd El-Salam Eid
_ethesis advisor.
700 0 _aHisham Ahmed Afifi
_ethesis advisor.
700 0 _aSanna Abou Zeid Soliman
_ethesis advisor.
900 _DDepartment of Orthodontics
_FFaculty of Oral and Dental Medicine
_UCairo University
_b1995
_cAhmed Abd El-Salam Eid
_cHisham Ahmed Afifi
_cSanna Abou Zeid Soliman
905 _aNehad
_eNourhan
942 _2ddc
_cTH
_e21
_n0
999 _c179520